[Event "Oslo Chess International - Håvard Vederhus' memorial"]
[Site "Ullevaal Stadion"]
[Date "2013.09.29"]
[Round "7"]
[White "Enersen, Eirik S"]
[Black "Kalkman - De Koster, Franzke"]
[Result "1-0"]
[WhiteElo "1009"]
[BlackElo "1589"]
[PlyCount "79"]
[EventDate "2013.??.??"]

1. e4 e5 2. Nf3 d6 3. d4 exd4 4. c3 dxc3 5. Nxc3 Be7 6. Bc4 Be6 7. Bxe6 fxe6 8.
Qb3 Qc8 9. Bg5 Nf6 10. Nd4 Nbd7 11. Nxe6 Nc5 12. Nxc5 dxc5 13. Nd5 Nxd5 14.
Qxd5 c6 15. Qe5 O-O 16. Qxe7 Re8 17. Qxc5 Rxe4+ 18. Be3 Qe6 19. Qc3 Rd8 20. Qb3
Rd7 21. Qxe6+ Rxe6 22. Rd1 Rxd1+ 23. Kxd1 a6 24. Kc2 Re5 25. g3 g6 26. h4 b5
27. a3 a5 28. Re1 a4 29. Bd2 Rc5+ 30. Bc3 Kf7 31. Re5 Rd5 32. Rxd5 cxd5 33. Kd3
Ke6 34. Kd4 Kd6 35. Bb4+ Kc6 36. Ke5 h6 37. Kf6 d4 38. Kxg6 d3 39. f4 Kd5 40.
f5
1-0

[Event "Oslo Chess International - Håvard Vederhus' memorial"]
[Site "Ullevaal Stadion"]
[Date "2013.09.29"]
[Round "7"]
[White "Skaslien, Ingrid"]
[Black "Lien, Johan"]
[Result "0-1"]
[WhiteElo "967"]
[BlackElo "1398"]
[PlyCount "56"]
[EventDate "2013.??.??"]

1. d4 e6 2. c4 Nf6 3. Nc3 d5 4. Nf3 b6 5. Bf4 c6 6. e3 Nbd7 7. Bd3 Be7 8. O-O
Nh5 9. Be5 f6 10. Nd2 g6 11. Bg3 Nxg3 12. fxg3 f5 13. g4 Bg5 14. Rf3 fxg4 15.
Rg3 Nf6 16. Qc2 Bh4 17. Rxg4 Nxg4 18. Bxg6+ hxg6 19. Qxg6+ Kd7 20. Qxg4 Rg8 21.
Qf4 Qf6 22. Rf1 Qxf4 23. Rxf4 Bg5 24. Rf3 Ba6 25. b3 Raf8 26. Rg3 Bh4 27. Rh3
Rh8 28. Kh1 Be1
0-1

[Event "Oslo Chess International - Håvard Vederh"]
[Site "Ullevaal Stadion"]
[Date "2013.09.29"]
[Round "8"]
[White "Grønn, Eskil Ekeland"]
[Black "Donchenko, Irina"]
[Result "0-1"]
[WhiteElo "1866"]
[BlackElo "2083"]
[PlyCount "70"]
[EventDate "2013.??.??"]

1. d4 d5 2. Nc3 c6 3. Nf3 Bf5 4. Bg5 h6 5. Bh4 Nd7 6. Qd2 Ngf6 7. O-O-O e6 8.
Ne5 Be7 9. Nxd7 Qxd7 10. f3 O-O-O 11. g4 Bg6 12. Kb1 Ne4 13. Nxe4 Bxh4 14. Nc5
Qc7 15. e3 e5 16. dxe5 Qxe5 17. Qa5 Bf6 18. Qb4 b6 19. Na6 Rhe8 20. Bd3 Qxe3
21. Bxg6 fxg6 22. Rd3 Qf2 23. a4 Kb7 24. a5 Kxa6 25. Qa4 Re1+ 26. Ka2 b5 27.
Qf4 Be5 28. Qf7 Rxh1 29. Qe6 Qxc2 30. Rc3 Qa4+ 31. Ra3 Qc4+ 32. Rb3 Bd6 33. Qe3
Qa4+ 34. Ra3 Bxa3 35. bxa3 Qc2# 0-1

[Event "Oslo Chess International - Håvard Vederh"]
[Site "Ullevaal Stadion"]
[Date "2013.09.29"]
[Round "8"]
[White "Moseng, Geir"]
[Black "Lien, Kjell Håkon"]
[Result "0-1"]
[WhiteElo "2052"]
[BlackElo "1939"]
[PlyCount "68"]
[EventDate "2013.??.??"]

1. d4 Nf6 2. c4 e6 3. Nc3 Bb4 4. e3 O-O 5. Nge2 d5 6. a3 Be7 7. cxd5 exd5 8.
Ng3 b6 9. Bd3 Bb7 10. O-O Nbd7 11. f3 c5 12. Nf5 Re8 13. Qe1 Bf8 14. Qh4 g6 15.
Nh6+ Kg7 16. g4 Ng8 17. g5 Nxh6 18. Qxh6+ Kg8 19. Qh4 Bg7 20. Ne2 cxd4 21. exd4
Qc8 22. b4 a5 23. Bd2 axb4 24. axb4 Rxa1 25. Rxa1 Nf8 26. Qf2 Ne6 27. h4 Re7
28. Kg2 Qd7 29. Ra7 Qd6 30. Bb5 Qb8 31. Ra3 Bc8 32. Bc6 Nxd4 33. Ra8 Qxa8 34.
Bxa8 Rxe2 0-1

[Event "Oslo Chess International - Håvard Vederh"]
[Site "Ullevaal Stadion"]
[Date "2013.09.29"]
[Round "8"]
[White "Hølleland, Sigve"]
[Black "Palsson, Halldor"]
[Result "0-1"]
[WhiteElo "1741"]
[BlackElo "2051"]
[PlyCount "96"]
[EventDate "2013.??.??"]

1. c4 d6 2. Nf3 Nf6 3. d4 g6 4. Nc3 Bg7 5. g3 O-O 6. Bg2 c6 7. O-O Qc7 8. e4 e5
9. d5 Rd8 10. Bg5 Nbd7 11. Qd2 Nc5 12. Bxf6 Bxf6 13. b4 Nd7 14. Rac1 a5 15. a3
axb4 16. axb4 c5 17. Nb5 Qb6 18. Ne1 cxb4 19. Qxb4 Nc5 20. Qc3 Bg5 21. Rb1 Bg4
22. Qc2 Rdc8 23. Nd3 Nxd3 24. Qxd3 Qc5 25. Kh1 Ra2 26. f3 Bd7 27. f4 exf4 28.
gxf4 Be7 29. Rfc1 Bxb5 30. Rxb5 Qxb5 31. cxb5 Rxc1+ 32. Bf1 Raa1 33. Kg2 Rxf1
34. Qc3 Rfc1 35. Qb2 Rg1+ 36. Kh3 Rab1 37. Qc2 Rxb5 38. Qc8+ Bf8 39. Qc4 Rc5
40. Qd4 Rgc1 41. f5 gxf5 42. exf5 R5c3+ 43. Kg2 Rc4 44. Qf6 h6 45. h4 b5 46. h5
b4 47. Qd8 b3 48. Qb8 b2 0-1

[Event "Oslo Chess International - Håvard Vederh"]
[Site "Ullevaal Stadion"]
[Date "2013.09.29"]
[Round "8"]
[White "Machlik, Monika"]
[Black "Omtvedt, Per"]
[Result "0-1"]
[WhiteElo "1947"]
[BlackElo "2018"]
[PlyCount "82"]
[EventDate "2013.??.??"]

1. d4 d5 2. c4 c6 3. Nc3 Nf6 4. Nf3 e6 5. e3 Nbd7 6. Qc2 b6 7. b3 Bb7 8. Be2
Bd6 9. O-O O-O 10. Bb2 a6 11. e4 dxe4 12. Nxe4 Nxe4 13. Qxe4 Nf6 14. Qc2 c5 15.
dxc5 Bxc5 16. Rad1 Qe7 17. Ng5 e5 18. Qf5 Rfe8 19. Bf3 Bxf3 20. Nxf3 Bd6 21.
Rfe1 Rad8 22. h3 Nd7 23. Ng5 Nf8 24. Ne4 Bc7 25. Nc3 Rxd1 26. Rxd1 f6 27. Nd5
Qc5 28. Qg4 Bd8 29. Bc3 Qc6 30. Nb4 Qb7 31. Rd3 a5 32. Nd5 Qf7 33. Ne3 Qg6 34.
Qd1 Ne6 35. Rd7 Be7 36. Nd5 Bc5 37. Nc7 Nf4 38. Qf3 Rf8 39. Bd2 Qf5 40. Bxf4
Qxd7 41. Qd5+ Qxd5 0-1

[Event "Oslo Chess International - Håvard Vederh"]
[Site "Ullevaal Stadion"]
[Date "2013.09.29"]
[Round "8"]
[White "Harstad, Christian"]
[Black "Sødtholt, Dag"]
[Result "0-1"]
[WhiteElo "1917"]
[BlackElo "1994"]
[PlyCount "110"]
[EventDate "2013.??.??"]

1. d4 d5 2. c4 Nc6 3. cxd5 Qxd5 4. e3 e5 5. Nc3 Bb4 6. Bd2 Bxc3 7. bxc3 Nf6 8.
Qb3 Qd6 9. Bd3 O-O 10. Ne2 a6 11. Ng3 Rd8 12. O-O Be6 13. Qc2 exd4 14. cxd4
Nxd4 15. exd4 Qxd4 16. Bxh7+ Nxh7 17. Bc3 Qd3 18. Qb2 f6 19. Rfe1 Bc4 20. h4 b5
21. Re7 Rd7 22. Re3 Qd5 23. h5 c5 24. a3 a5 25. h6 b4 26. Be1 gxh6 27. Ne4 Rf8
28. axb4 axb4 29. Ra5 Qd4 30. Qxd4 cxd4 31. Rg3+ Kf7 32. Bxb4 Rb8 33. Bd2 Ng5
34. Nc5 Rc7 35. Rg4 Rd8 36. f4 f5 37. Rh4 Ne4 38. Rxh6 Rxc5 39. Ra7+ Kg8 40.
Rah7 Nf6 41. Ra7 Rd7 42. Rxd7 Nxd7 43. g4 fxg4 44. Rg6+ Kf7 45. Rxg4 Be2 46.
Rg2 d3 47. Kf2 Rc2 48. Ke3 Nf6 49. Ba5 Ra2 50. Bd2 Ng4+ 51. Rxg4 Bxg4 52. Kxd3
Ke6 53. Bc3 Kd5 54. Be5 Ra3+ 55. Kd2 Bf5 0-1

[Event "Oslo Chess International - Håvard Vederh"]
[Site "Ullevaal Stadion"]
[Date "2013.09.29"]
[Round "8"]
[White "Khachatourian, Yerazik"]
[Black "Wibe, Per H"]
[Result "1-0"]
[WhiteElo "1972"]
[BlackElo "1823"]
[PlyCount "49"]
[EventDate "2013.??.??"]

1. e4 c5 2. Nf3 d6 3. d4 cxd4 4. Nxd4 Nf6 5. Nc3 a6 6. Bg5 e6 7. f4 Be7 8. Qf3
Qc7 9. O-O-O b5 10. Bd3 Nbd7 11. Rhe1 Bb7 12. Qh3 Nc5 13. e5 b4 14. exd6 Bxd6
15. Bg6 O-O-O 16. Bxf7 bxc3 17. Bxe6+ Nxe6 18. Nxe6 cxb2+ 19. Kb1 Qa5 20. Nxd8+
Kb8 21. Nxb7 Kxb7 22. Bxf6 Bb4 23. Rd7+ Kb6 24. Re6+ Kb5 25. Qd3+ 1-0

[Event "Oslo Chess International - Håvard Vederh"]
[Site "Ullevaal Stadion"]
[Date "2013.09.29"]
[Round "8"]
[White "Ondo, Shaun"]
[Black "Wahlstedt, Mats"]
[Result "0-1"]
[WhiteElo "1205"]
[BlackElo "1966"]
[PlyCount "68"]
[EventDate "2013.??.??"]

1. Nf3 Nf6 2. c4 g6 3. g3 Bg7 4. Bg2 O-O 5. d4 d6 6. O-O Nc6 7. d5 Na5 8. Nbd2
c5 9. a4 a6 10. Re1 Rb8 11. Qc2 Qb6 12. Rb1 Qc7 13. b3 Bd7 14. Bb2 e5 15. dxe6
fxe6 16. Ne4 e5 17. Nfg5 Bf5 18. Nxf6+ Rxf6 19. Bd5+ Kh8 20. e4 Bg4 21. h3 Bc8
22. f4 Nc6 23. fxe5 dxe5 24. Rf1 h6 25. Nf7+ Kh7 26. Rxf6 Bxf6 27. Rf1 Bg7 28.
Bxc6 bxc6 29. Nxe5 Bxe5 30. Bxe5 Qxe5 31. Rf7+ Kg8 32. Qf2 Be6 33. Re7 Rf8 34.
Qe3 Qf6 0-1

[Event "Oslo Chess International - Håvard Vederh"]
[Site "Ullevaal Stadion"]
[Date "2013.09.29"]
[Round "8"]
[White "Machlik, Endre"]
[Black "Lindblom, Roar"]
[Result "1/2-1/2"]
[WhiteElo "1692"]
[BlackElo "1877"]
[PlyCount "77"]
[EventDate "2013.??.??"]

1. d4 d5 2. c4 c6 3. Nf3 Nf6 4. Nc3 dxc4 5. a4 Bf5 6. Ne5 Nbd7 7. Nxc4 Qc7 8.
g3 e5 9. dxe5 Nxe5 10. Bf4 Nfd7 11. Bg2 g5 12. Bxe5 Nxe5 13. Qd4 Ng6 14. O-O-O
Be7 15. Be4 Bxe4 16. Nxe4 O-O 17. Nf6+ Bxf6 18. Qxf6 Rfe8 19. h4 gxh4 20. gxh4
Re6 21. Qg5 Qf4+ 22. Qxf4 Nxf4 23. e3 Nd5 24. Rd4 Rae8 25. Rg1+ Rg6 26. Rg5 f6
27. Rxg6+ hxg6 28. Rg4 Kh7 29. Nd6 Re7 30. e4 Rd7 31. Nxb7 Ne3 32. fxe3 Rxb7
33. e5 fxe5 34. Kc2 Rd7 35. Rc4 Rd6 36. b4 Kh6 37. Re4 Rd5 38. Rc4 Rd6 39. Re4
1/2-1/2

[Event "Oslo Chess International - Håvard Vederh"]
[Site "Ullevaal Stadion"]
[Date "2013.09.29"]
[Round "8"]
[White "Andersen, Dag"]
[Black "Machlik, Edit"]
[Result "0-1"]
[WhiteElo "1852"]
[BlackElo "1820"]
[PlyCount "86"]
[EventDate "2013.??.??"]

1. d4 d5 2. Nf3 Nf6 3. e3 Bg4 4. Bd3 e6 5. b3 Bd6 6. Bb2 c5 7. Nbd2 Nc6 8. h3
Bh5 9. O-O O-O 10. a3 cxd4 11. exd4 Bf4 12. Be2 Rc8 13. Re1 Qb6 14. b4 Qc7 15.
Ra2 Nb8 16. Ba1 Nbd7 17. Ne5 Bxe2 18. Qxe2 Nxe5 19. dxe5 Bxd2 20. Qxd2 Ne4 21.
Qe3 b6 22. Bd4 Nc3 23. Raa1 Qc4 24. Kh2 Rc7 25. Bxc3 Qxc3 26. Qxc3 Rxc3 27. Re2
Rfc8 28. Ra2 R8c4 29. Kg1 Kf8 30. Kf1 Ke7 31. Ke1 Kd7 32. Kd2 Kc6 33. a4 d4 34.
Re4 Kd5 35. Rf4 Rc7 36. Rg4 g6 37. f4 h5 38. Rg5 Ke4 39. g3 h4 40. gxh4 Rxh3
41. f5 gxf5 42. Rh5 Rh2+ 43. Kd1 Kxe5 0-1

[Event "Oslo Chess International - Håvard Vederh"]
[Site "Ullevaal Stadion"]
[Date "2013.09.29"]
[Round "8"]
[White "Machlik, Jon"]
[Black "Kverndal, Leif"]
[Result "1-0"]
[WhiteElo "1816"]
[BlackElo "1851"]
[PlyCount "55"]
[EventDate "2013.??.??"]

1. e4 c5 2. Nf3 e6 3. d4 cxd4 4. Nxd4 Bc5 5. Nb3 Bb6 6. Nc3 Ne7 7. e5 Nbc6 8.
f4 Nf5 9. Ne4 O-O 10. Bd3 d5 11. exd6 g6 12. Bb5 Bd7 13. Bd2 Ne3 14. Bxe3 Bxe3
15. Qf3 Bb6 16. O-O-O a6 17. Bd3 Nb4 18. a3 Nxd3+ 19. Rxd3 Rc8 20. g4 Rc4 21.
g5 Bc6 22. Nbd2 Rd4 23. h4 Rxd3 24. Qxd3 f5 25. gxf6 Qd7 26. h5 e5 27. hxg6
hxg6 28. Qb3+ 1-0

[Event "Oslo Chess International - Håvard Vederhus' memorial"]
[Site "Ullevaal Stadion"]
[Date "2013.09.29"]
[Round "8"]
[White "Aarnes, Carl Christian"]
[Black "Sivaranjan, Aschmirthan"]
[Result "0-1"]
[WhiteElo "1840"]
[BlackElo "1568"]
[PlyCount "68"]
[EventDate "2013.??.??"]

1. d4 f5 2. e4 fxe4 3. f3 exf3 4. Nxf3 Nf6 5. Bd3 g6 6. O-O Bg7 7. c4 O-O 8.
Nc3 e6 9. Qc2 Qe8 10. Bd2 Nc6 11. Nb5 Qd8 12. Rae1 a6 13. Na3 d5 14. Bc3 dxc4
15. Nxc4 Nh5 16. Nce5 Nxe5 17. dxe5 Nf4 18. Bc4 b5 19. Rd1 Qe7 20. Bb3 c5 21.
a4 c4 22. Qd2 Nd5 23. Bc2 Bb7 24. axb5 axb5 25. Bd4 Bc6 26. Qf2 Qc7 27. Qg3 Nb4
28. Bb1 Bd5 29. Ng5 Rxf1+ 30. Rxf1 Rf8 31. Rxf8+ Bxf8 32. Qe3 Nc6 33. Ne4 Bxe4
34. Bxe4 Nxd4
0-1

[Event "Oslo Chess International - Håvard Vederhus' memorial"]
[Site "Ullevaal Stadion"]
[Date "2013.09.29"]
[Round "8"]
[White "Svanholm, Børge W"]
[Black "Opasiak, Dustin Tennessee"]
[Result "1/2-1/2"]
[WhiteElo "1838"]
[BlackElo "1780"]
[PlyCount "47"]
[EventDate "2013.??.??"]

1. c4 Nf6 2. Nc3 g6 3. d4 Bg7 4. Nf3 O-O 5. g3 d6 6. Bg2 c5 7. O-O Nc6 8. h3
cxd4 9. Nxd4 Nxd4 10. Qxd4 Nd7 11. Qd2 Nc5 12. b3 Rb8 13. Bb2 Bd7 14. e4 b5 15.
cxb5 Bxb5 16. Nxb5 Bxb2 17. Qxb2 Rxb5 18. Rfd1 Qb6 19. Qe2 a5 20. Rd2 a4 21.
bxa4 Nxa4 22. Rc1 Rb1 23. Rdc2 Rb8 24. Qc4
1/2-1/2

[Event "Oslo Chess International - Håvard Vederh"]
[Site "Ullevaal Stadion"]
[Date "2013.09.29"]
[Round "8"]
[White "Wærstad, Leif E"]
[Black "Roholdt, Njaal"]
[Result "1/2-1/2"]
[WhiteElo "1538"]
[BlackElo "1749"]
[PlyCount "53"]
[EventDate "2013.??.??"]

1. Nf3 Nf6 2. d4 d5 3. g3 g6 4. Bg2 Bg7 5. c4 O-O 6. cxd5 Qxd5 7. Nc3 Qd8 8.
O-O c6 9. e4 Bg4 10. Be3 Nbd7 11. Qd2 Nb6 12. b3 a5 13. Ne5 Qc8 14. Nxg4 Nxg4
15. Rac1 Nxe3 16. Qxe3 Qd8 17. Rfd1 h5 18. Ne2 e6 19. f4 Nd7 20. e5 Kh7 21. Qd3
Nb6 22. Nc3 Nd5 23. Bxd5 cxd5 24. Nb5 Qb6 25. Kg2 Rfc8 26. Nd6 Rxc1 27. Rxc1
1/2-1/2

[Event "Oslo Chess International - Håvard Vederhus' memorial"]
[Site "Ullevaal Stadion"]
[Date "2013.09.29"]
[Round "8"]
[White "Sajjadi, Kimiya"]
[Black "Moberg, Jan Rune"]
[Result "1-0"]
[WhiteElo "1465"]
[BlackElo "1714"]
[PlyCount "75"]
[EventDate "2013.??.??"]

1. e4 g6 2. d4 Bg7 3. Nf3 d6 4. Bc4 e6 5. c3 Ne7 6. Be3 a6 7. Nbd2 O-O 8. O-O
b6 9. Qe2 h6 10. Bf4 Nd7 11. Qe3 Kh7 12. h3 Ng8 13. Kh2 Qe7 14. Bg3 c5 15. Rh1
b5 16. Bb3 Bb7 17. a4 c4 18. Bc2 d5 19. Rhe1 b4 20. b3 cxb3 21. Bxb3 bxc3 22.
Qxc3 Rfc8 23. Qd3 Qb4 24. Bc2 Rc3 25. Rab1 Qa5 26. Nb3 Qc7 27. Bxc7 Rxd3 28.
Bxd3 dxe4 29. Bxe4 Bxe4 30. Rxe4 Ngf6 31. Ree1 Nd5 32. Bd6 N7b6 33. Nc5 Rd8 34.
Bc7 Nxc7 35. Rxb6 a5 36. Rb7 Nd5 37. Rxf7 Kg8 38. Nxe6
1-0

[Event "Oslo Chess International - Håvard Vederh"]
[Site "Ullevaal Stadion"]
[Date "2013.09.29"]
[Round "9"]
[White "Dulman, Egmond-Gabriel"]
[Black "Harstad, Christian"]
[Result "0-1"]
[WhiteElo "2077"]
[BlackElo "1917"]
[PlyCount "98"]
[EventDate "2013.??.??"]

1. d4 Nf6 2. c4 g6 3. Nc3 Bg7 4. e4 O-O 5. Bg5 d6 6. h3 c5 7. d5 Qa5 8. Qd2 b5
9. Nxb5 Qb6 10. Bd3 e6 11. Ne2 exd5 12. exd5 Nbd7 13. a4 Ne5 14. a5 Qb8 15. f4
Nxd3+ 16. Qxd3 Bf5 17. Qd1 a6 18. Nbc3 Qxb2 19. Ra2 Qb4 20. Ra4 Qb7 21. O-O Bd7
22. Ra1 Qb4 23. Bxf6 Bxf6 24. Ne4 Be7 25. Qc2 Qb7 26. Rfb1 Qc7 27. Rb6 Rfb8 28.
Qb2 Qd8 29. Rb1 Rxb6 30. Qxb6 Qf8 31. Qb7 Qd8 32. Rb6 Bf5 33. N2g3 Qe8 34. Nxf5
gxf5 35. Ng3 Bh4 36. Nxf5 Qe1+ 37. Kh2 Re8 38. Nh6+ Kh8 39. Nxf7+ Kg8 40. Nh6+
Kh8 41. Nf5 Rg8 42. g4 Qf2+ 43. Kh1 Qf1+ 44. Kh2 Qxf4+ 45. Kh1 Qf1+ 46. Kh2 Bf2
47. Rb1 Bg1+ 48. Kh1 Qxh3+ 49. Kxg1 Rxg4+ 0-1

[Event "Oslo Chess International - Håvard Vederh"]
[Site "Ullevaal Stadion"]
[Date "2013.09.29"]
[Round "9"]
[White "Omtvedt, Per"]
[Black "Bryn, Askild"]
[Result "0-1"]
[WhiteElo "2018"]
[BlackElo "2064"]
[PlyCount "60"]
[EventDate "2013.??.??"]

1. e4 d6 2. d4 Nd7 3. c4 e5 4. Nf3 Ngf6 5. Nc3 c6 6. Be2 Be7 7. O-O O-O 8. h3
Qc7 9. Qc2 Re8 10. d5 Nf8 11. Ne1 Ng6 12. Nd3 cxd5 13. exd5 Bf5 14. b3 Qd7 15.
Kh2 Nh4 16. g4 Bxg4 17. hxg4 Nxg4+ 18. Bxg4 Qxg4 19. Ne1 Qh5 20. Kg1 f5 21. Qe2
Qg6+ 22. Kh1 e4 23. Bf4 Bf6 24. Rc1 Be5 25. Qe3 Qh5 26. Bxe5 Nf3+ 27. Kg2 Rxe5
28. Rh1 Qg4+ 29. Kf1 f4 30. Qe2 Rh5 0-1

[Event "Oslo Chess International - Håvard Vederh"]
[Site "Ullevaal Stadion"]
[Date "2013.09.29"]
[Round "9"]
[White "Lien, Kjell Håkon"]
[Black "Sødtholt, Dag"]
[Result "1-0"]
[WhiteElo "1939"]
[BlackElo "1994"]
[PlyCount "65"]
[EventDate "2013.??.??"]

1. e4 c5 2. Nf3 d6 3. d4 cxd4 4. Nxd4 Nf6 5. Nc3 g6 6. Be3 Bg7 7. f3 O-O 8. Qd2
Nc6 9. g4 Be6 10. Nxe6 fxe6 11. O-O-O Ne5 12. Be2 Qc8 13. h4 Nfd7 14. h5 Nc4
15. Bxc4 Qxc4 16. hxg6 hxg6 17. f4 Bxc3 18. bxc3 Rac8 19. Bd4 Qxa2 20. Qh2 Kf7
21. Qh7+ Ke8 22. Qxg6+ Kd8 23. Qg7 Rc4 24. Kd2 Qa6 25. Ra1 Ra4 26. Rxa4 Qxa4
27. g5 Rxf4 28. Rh8+ Kc7 29. Qxe7 Rxe4 30. Qd8+ Kc6 31. Qc8+ Kd5 32. Qxb7+ Qc6
33. c4+ 1-0

[Event "Oslo Chess International - Håvard Vederh"]
[Site "Ullevaal Stadion"]
[Date "2013.09.29"]
[Round "9"]
[White "Tangelder, Yonne"]
[Black "Sajjadi, Kimiya"]
[Result "1-0"]
[WhiteElo "1804"]
[BlackElo "1465"]
[PlyCount "41"]
[EventDate "2013.??.??"]

1. e4 e5 2. d4 exd4 3. Qxd4 Nc6 4. Qe3 Bb4+ 5. Nc3 Nge7 6. Bd2 O-O 7. O-O-O d6
8. f4 Bc5 9. Qg3 Ng6 10. Nf3 a5 11. h4 Nd4 12. h5 Ne7 13. f5 Nexf5 14. exf5
Nxf5 15. Qf4 c6 16. Bd3 Qd7 17. Ne4 b5 18. g4 Nd4 19. Nf6+ gxf6 20. Nxd4 Bxd4
21. Qh6 1-0

[Event "Oslo Chess International - Håvard Vederh"]
[Site "Ullevaal Stadion"]
[Date "2013.09.29"]
[Round "9"]
[White "Moberg, Jan Rune"]
[Black "Sjøberg, Isak"]
[Result "1-0"]
[WhiteElo "1714"]
[BlackElo "1100"]
[PlyCount "75"]
[EventDate "2013.??.??"]

1. d4 Nf6 2. Bg5 e6 3. e3 Be7 4. Bd3 d5 5. Nd2 b6 6. Qe2 Bb7 7. Ngf3 c6 8. h3
a5 9. Bf4 Bd6 10. Ne5 O-O 11. O-O Qe7 12. Bh2 Nbd7 13. a3 c5 14. c3 c4 15. Bc2
a4 16. e4 b5 17. Rae1 Rae8 18. f4 h6 19. Ng4 Nxg4 20. hxg4 Qh4 21. e5 Be7 22.
Qf3 Bd8 23. Bg3 Qe7 24. Re3 Bb6 25. g5 hxg5 26. Qh5 f5 27. fxg5 g6 28. Qxg6+
Qg7 29. Qh5 Bd8 30. Bf4 Re7 31. Rh3 Rfe8 32. g6 Nf8 33. Rg3 Rd7 34. Kf2 Ree7
35. Rh1 Bc6 36. Nf3 Re8 37. Bh6 Qe7 38. Bxf8 1-0

[Event "Oslo Chess International - Håvard Vederh"]
[Site "Ullevaal Stadion"]
[Date "2013.09.29"]
[Round "9"]
[White "Yilmaz, Kazim"]
[Black "Wærstad, Leif E"]
[Result "1/2-1/2"]
[WhiteElo "1683"]
[BlackElo "1538"]
[PlyCount "27"]
[EventDate "2013.??.??"]

1. f4 Nf6 2. Nf3 b6 3. g3 Bb7 4. Bg2 e6 5. Rg1 Be7 6. b3 O-O 7. Bb2 c5 8. c4
Qc7 9. Nc3 Nc6 10. e4 d6 11. Qe2 Rfe8 12. d3 Rad8 13. a3 a6 14. Nd1 1/2-1/2

[Event "Oslo Chess International - Håvard Vederh"]
[Site "Ullevaal Stadion"]
[Date "2013.09.29"]
[Round "9"]
[White "Hjelle, Øyvind"]
[Black "Keadana, Amir"]
[Result "1-0"]
[WhiteElo "1413"]
[BlackElo "1662"]
[PlyCount "67"]
[EventDate "2013.??.??"]

1. e4 e6 2. d4 d5 3. exd5 exd5 4. c4 Nf6 5. Nc3 Be6 6. c5 c6 7. Bd3 Be7 8. Nge2
Nbd7 9. O-O O-O 10. Re1 Re8 11. h3 Nf8 12. Ng3 Ng6 13. f4 Qc7 14. Nce2 Bd7 15.
f5 Nf8 16. b4 a5 17. Bf4 Qc8 18. bxa5 Rxa5 19. Qd2 Bd8 20. Be5 Ne4 21. Bxe4
dxe4 22. Nxe4 Bxf5 23. Nd6 Qd7 24. Ng3 Be6 25. Rab1 Rxa2 26. Qd3 Bxh3 27. gxh3
Qxh3 28. Re2 Rxe5 29. Rxa2 Rg5 30. Rg2 Ng6 31. Qf3 h5 32. Qxf7+ Kh7 33. Nde4
Rg4 34. Nf2 1-0

[Event "Oslo Chess International - Håvard Vederh"]
[Site "Ullevaal Stadion"]
[Date "2013.09.29"]
[Round "9"]
[White "Kalkman - De Koster, Franzke"]
[Black "Grønn, Embla Eikeland"]
[Result "1-0"]
[WhiteElo "1589"]
[BlackElo "847"]
[PlyCount "37"]
[EventDate "2013.??.??"]

1. d4 d5 2. c4 c6 3. Nf3 Nf6 4. Nc3 dxc4 5. e4 b5 6. a4 Bg4 7. axb5 cxb5 8.
Nxb5 Nxe4 9. Bxc4 Nc6 10. O-O a6 11. Nc3 Nf6 12. Bf4 Nxd4 13. Qxd4 Qc8 14. Ne5
Be6 15. Bxa6 Rxa6 16. Rac1 Qb7 17. Rfd1 Ra8 18. Na4 Rd8 19. Qxd8# 1-0